00811 2200289 4500001002100000005001500021035002000036007000300056008004100059020002200100082001700122084001900139100003100158245004500189300003100234650002000265710002600285264003600311336002100347337003000368338002300398040002200421090002200443850001200465999002200477990002200499INLIS00000000089807020250721103528 a0010-0725000648ta250721s2021 yoi s ind  a978-623-6969-24-304223a899.2213 a899.2213 NYE o0 aNyemas SyarifahePengarang10aOleh-oleh dari mertua /cNyemas Syarifah aviii, 376 halaman ;c19 cm 4aFiksi Indonesia2 aTim HydraePenyunting31aKulon Progo :bH.Y.D.R.A,c2021 2rdacontentateks 2rdamediaatanpa perantara 2rdacarrieravolume aYOPDYOGbinderda aCB-D.11 2021-4833 aYOPDYOG aCB-D.11/2021-4833 aCB-D.11/2021-4833